Zdravotná diplomacia a boj proti COVID-19: Skúsenosť Slovenska a Brazílie

Objasnenie pojmu zdravotná diplomacia, ktorý podľa mienky autorov doposiaľ nie je v slovenskej literatúre dostatočne zakotvený, hoci v zahraničnej literatúre sa objavuje už dlhšiu dobu. Porovnanie prístupov Slovenska a Brazílie k riešeniu pandemickej situácie v daných krajinách, ako aj ich zapojeni...

Descrizione completa

Salvato in:
Dettagli Bibliografici
Autore principale: Čiefová, Michaela, 1991-
Altri autori: Szabó, Jakub, 1996-, Janubová, Barbora, 1991-
Natura: Capitolo di libro
Lingua:slovacco
Soggetti:
Tags: Aggiungi Tag
Nessun Tag, puoi essere il primo ad aggiungerne!!

MARC

LEADER 00000naa$a2200000$$$4500
001 0274788
005 20240502074320.5
041 0 |a slo 
044 |a SK 
245 1 0 |a Zdravotná diplomacia a boj proti COVID-19: Skúsenosť Slovenska a Brazílie  |c Michaela Čiefová, Jakub Szabó, Barbora Janubová 
520 |a Objasnenie pojmu zdravotná diplomacia, ktorý podľa mienky autorov doposiaľ nie je v slovenskej literatúre dostatočne zakotvený, hoci v zahraničnej literatúre sa objavuje už dlhšiu dobu. Porovnanie prístupov Slovenska a Brazílie k riešeniu pandemickej situácie v daných krajinách, ako aj ich zapojenie do medzinárodného boja s pandémiou, čiže porovnanie aktivít skúmaných krajín v oblasti zdravotnej diplomacie. 
610 2 0 |a diplomacia 
610 2 0 |a zdravie 
610 2 0 |a koronavírus 
610 2 0 |a porovnanie medzinárodné 
610 2 0 |a Slovensko 
610 2 0 |a Brazília 
100 1 |a Čiefová, Michaela, 1991- 
700 1 |a Szabó, Jakub, 1996- 
700 1 |a Janubová, Barbora, 1991-